banner-ar

تقييم تعليم الطالب التجميعى والتكوين / (Record no. 32073)

MARC details
000 -الفاتح
حقل البيانات ثابتة الطول 00963nam a2200289Ia 4500
008 - عناصر البيانات ثابتة الطول - معلومات عامة
حقل البيانات ثابتة الطول 140319s9999 xx 000 0 ara d
040 ## - مصدر الفهرسة
وكالة الفهرسة الأصلية GCL /
وكالة النسخ GCL
082 04 - رقم تصنيف ديوى العشرى
رقم التصنيف 371.27
رقم المادة ب ت
100 1# - المدخل الرئيسى - إسم شخصى
الإسم الشخصى محمد امين المفتى (مترجم)
245 10 - بيان العنوان
العنوان تقييم تعليم الطالب التجميعى والتكوين /
بيان المسئوليه,etc محمد امين المفتى (مترجم)
700 1# - المدخل الاضافى - اسم شخصى
الإسم الشخصى بلوم، بنيامين س
700 1# - المدخل الاضافى - اسم شخصى
الإسم الشخصى هاستنجس , توماس ج.
700 1# - المدخل الاضافى - اسم شخصى
الإسم الشخصى مادوس, جورج ف.
700 1# - المدخل الاضافى - اسم شخصى
الإسم الشخصى زينب على النجد (مترجم)
700 1# - المدخل الاضافى - اسم شخصى
الإسم الشخصى احمد ابراهيم شلبى
700 1# - المدخل الاضافى - اسم شخصى
الإسم الشخصى كوثر حسين كوجاك
260 ## - PUBLICATION, DISTRIBUTION, ETC. (IMPRINT)
تاريخ النشر أو التوزيع 1971
300 ## - الوصف المادى
التعداد 417 ص
490 ## - بيان السلسلة
عنوان السلسلة
650 04 - المدخل الاضافى بالموضوع-مصطلح موضوعى
مصطلح موضوعي التعليم
650 04 - المدخل الاضافى بالموضوع-مصطلح موضوعى
مصطلح موضوعي التربية
650 04 - المدخل الاضافى بالموضوع-مصطلح موضوعى
مصطلح موضوعي علم النفس التربوى
650 04 - المدخل الاضافى بالموضوع-مصطلح موضوعى
مصطلح موضوعي الطلبة
650 04 - المدخل الاضافى بالموضوع-مصطلح موضوعى
مصطلح موضوعي تقييم
942 ## - عناصر المدخل الإضافي( كوها)
مصدر التصنيف او مخطط الترفيف Dewey Decimal Classification
Koha [default] item type كتاب
260 ## - PUBLICATION, DISTRIBUTION, ETC. (IMPRINT)
-- [S.N] :
-- دار ماكجروهيل للنشر ،
Holdings
حالة التراجع حالة الفقد حالة تلف ليس للاعارة المكان المؤقت الموقع الحالى تاريخ الاكتساب اجمالي اﻻعارات رقم الطلب الباركود تاريخ اخر مشاهدة تاريخ تفعيل السعر نوع وعاء كوها
        مكتبة القاهرة الكبرى مكتبة القاهرة الكبرى 03/26/2014   371.27\ب ت 75338 03/26/2014 03/26/2014 كتاب
        مكتبة القاهرة الكبرى مكتبة القاهرة الكبرى 03/26/2014   371.27\ب ت 75339 03/26/2014 03/26/2014 كتاب

Powered By

EGPV